| 000 | 00480nam a2200181Ia 4500 | ||
|---|---|---|---|
| 008 | 180207s9999 xx 000 0 und d | ||
| 020 | _a9781862910980 | ||
| 050 | _bC328 2008 | ||
| 100 | _aCartterwell, Thelma | ||
| 245 | _aSebastian lives in a hat / | ||
| 245 | _cwritten by Thelma Cattwell ; illustrated by Kerry Argent. | ||
| 260 | _aNew York : | ||
| 260 | _bScholastic, | ||
| 260 | _c2008 | ||
| 300 | _aunpaged : | ||
| 300 | _bcolor illustration ; | ||
| 300 | _c25cm. | ||
| 999 |
_c355499 _d355499 |
||